<?xml version="1.0" encoding="UTF-8"?>
<record
    xmlns:xsi="http://www.w3.org/2001/XMLSchema-instance"
    xsi:schemaLocation="http://www.loc.gov/MARC21/slim http://www.loc.gov/standards/marcxml/schema/MARC21slim.xsd"
    xmlns="http://www.loc.gov/MARC21/slim">

  <leader>00546nam a2200169 a 4500</leader>
  <controlfield tag="001">1210</controlfield>
  <controlfield tag="003">CDMR</controlfield>
  <controlfield tag="005">20131014180427.0</controlfield>
  <controlfield tag="008">130130s1979||||sp |||||||||||||||||spa|d</controlfield>
  <datafield tag="040" ind1=" " ind2=" ">
    <subfield code="a">CDMR</subfield>
    <subfield code="b">cat</subfield>
    <subfield code="c">CDMR</subfield>
  </datafield>
  <datafield tag="100" ind1="1" ind2=" ">
    <subfield code="9">4064</subfield>
    <subfield code="a">Molina Fajardo, Eduardo</subfield>
  </datafield>
  <datafield tag="245" ind1=" " ind2=" ">
    <subfield code="a">Historia de los peri&#xF3;dicos granadinos</subfield>
    <subfield code="b">: siglos XVIII y XIX</subfield>
    <subfield code="c">Eduardo Molina Fajardo</subfield>
  </datafield>
  <datafield tag="260" ind1=" " ind2=" ">
    <subfield code="a">Granada</subfield>
    <subfield code="b">Diputaci&#xF3;n Provincial. Instituto Provincial de Estudios y Promoci&#xF3;n Cultural</subfield>
    <subfield code="c">1979</subfield>
  </datafield>
  <datafield tag="300" ind1=" " ind2=" ">
    <subfield code="a">223 p.</subfield>
  </datafield>
  <datafield tag="650" ind1="0" ind2="4">
    <subfield code="9">3171</subfield>
    <subfield code="a">Premsa</subfield>
    <subfield code="z">Andalusia</subfield>
  </datafield>
  <datafield tag="942" ind1=" " ind2=" ">
    <subfield code="c">MON</subfield>
    <subfield code="2">udc</subfield>
  </datafield>
  <datafield tag="999" ind1=" " ind2=" ">
    <subfield code="c">1210</subfield>
    <subfield code="d">1210</subfield>
  </datafield>
  <datafield tag="952" ind1=" " ind2=" ">
    <subfield code="0">0</subfield>
    <subfield code="1">0</subfield>
    <subfield code="4">0</subfield>
    <subfield code="7">0</subfield>
    <subfield code="a">CDMR</subfield>
    <subfield code="b">CDMR</subfield>
    <subfield code="d">2013-01-16</subfield>
    <subfield code="l">0</subfield>
    <subfield code="o">Dt 11/14</subfield>
    <subfield code="p">CDMR13108426</subfield>
    <subfield code="r">2013-10-14</subfield>
    <subfield code="w">2013-10-14</subfield>
    <subfield code="y">MON</subfield>
  </datafield>
</record>
